000 01416nam a22003494i 4500
999 _c64522
_d64522
001 768714001
003 CO-MdFUSB
005 20180914122047.0
008 180907t1975 xxu||||| |||| 00| 0 eng d
020 _a0802410286
040 _aCO-MdFUSB
_bspa
_cCO-MdFUSB
_dCO-MdFUSBC
_erda
041 _aeng
082 _223
_a224.9
_bJ24
100 _aJensen, Irving L.
_eautor
245 _aMinor Prophets of Israel
_c/ Irving L. Jensen
264 1 _aChicago, USA :
_bMoody Press,
_c℗[1975]
264 4 _c©1975
300 _a109 páginas :
_bIlustraciones ;
_c22 cm
336 _2rdacontent
_atexto
_btxt
337 _2rdamedia
_asin mediación
_bn
338 _2rdacarrier
_avolumen
_bnc
505 _tIntroducción:
_a1. Los doce profetas menores.
505 _tJonas:
_a2. Trasfondo y estudio de Jonas -- 3. Jonas huye de Dios -- 4. Jonas predica a Nínive
505 _tAmós:
_a5. Trasfondo y estudio de Amós -- 6. Las transgresiones de las naciones -- 7. Juicios contra Israel -- 8. La restauración final
505 _tOseas:
_a9. Trasfondo y estudio de Oseas -- 10. Oseas y su esposa infiel -- 11. Oseas y la esposa reunidos -- 12. El pecado trae juicio -- 13. Esperanza para los reincidentes -- Fuentes seleccionadas para más estudio
563 _aTapa rústica
630 0 7 _aBiblia.
_pJonas
630 0 7 _aBiblia.
_pAmós
630 0 7 _aBiblia.
_pOseas
942 _cBK